Inovácie a udržateľnosť cestovného ruchu v Slovenskej republike
Vybrané ekonomické aspekty cestovného ruchu v Slovenskej republike. Inovačné prostredie a cestovný ruch. Inovácie ako katalyzátor rozvoja cestovného ruchu. Nové trendy v cestovnom ruchu. Udržateľnosť rozvoja cestovného ruchu v SR a jej narušenie vplyvom pandémie COVID-19.
Enregistré dans:
| Auteur principal: | |
|---|---|
| Autres auteurs: | |
| Format: | Chapitre de livre |
| Langue: | slovaque |
| Sujets: | |
| Tags: |
Pas de tags, Soyez le premier à ajouter un tag!
|
MARC
| LEADER | 00000naa a2200000 4500 | ||
|---|---|---|---|
| 001 | 0282662 | ||
| 005 | 20240417075158.5 | ||
| 041 | 0 | |a slo | |
| 044 | |a SK | ||
| 245 | 1 | 0 | |a Inovácie a udržateľnosť cestovného ruchu v Slovenskej republike |c Vojtech Kollár, Silvia Matúšová |
| 520 | |a Vybrané ekonomické aspekty cestovného ruchu v Slovenskej republike. Inovačné prostredie a cestovný ruch. Inovácie ako katalyzátor rozvoja cestovného ruchu. Nové trendy v cestovnom ruchu. Udržateľnosť rozvoja cestovného ruchu v SR a jej narušenie vplyvom pandémie COVID-19. | ||
| 610 | 2 | 0 | |a ruch cestovný |
| 610 | 2 | 0 | |a turistika |
| 610 | 2 | 0 | |a inovácia |
| 610 | 2 | 0 | |a rozvoj trvalo udržateľný |
| 610 | 2 | 0 | |a pandémia |
| 610 | 2 | 0 | |a koronakríza |
| 610 | 2 | 0 | |a Slovensko |
| 100 | 1 | |a Kollár, Vojtech | |
| 700 | 1 | |a Matúšová, Silvia | |